000
00288nam a2200133Ia 4500
100
_a
Camm/ F.J.
942
_c
BK
654
_a
Workshop Calculations
245
_a
Workshop calculations
260
_b
Taraporevala
_a
Bombay
_c
1960
082
_a
570
_b
Cam
546
_a
ENGLISH
999
_c
25200
_d
25200